Click The Mouse Quiz Stats

 Plays Quiz Updated Sep 13, 2018

Score 0/21 Timer 02:00
0 Plays Today
% Correct
Mickey
91.5%
Stuart Little
90.7%
Minnie
88.7%
Chuck E. Cheese
84.1%
Jerry
81.4%
Speedy Gonzales
80%
Mighty
73.6%
Pinky
71.7%
Itchy
68.2%
Fievel
65.1%
Gus
62.7%
% Correct
Angelina Ballerina
62.4%
Roquefort
54.3%
Basil
52.9%
Miss Bianca
52.7%
Danger
51.6%
Timothy
51.4%
Jaq
48.3%
Reepicheep
40.8%
Dixie
33.3%
Pixie
33.1%

You're not logged in!

Compare scores with friends on all Sporcle quizzes.
OR
Log In

Show Comments

Extras

Top Quizzes Today


Score Distribution

Your Account Isn't Verified!

In order to create a playlist on Sporcle, you need to verify the email address you used during registration. Go to your Sporcle Settings to finish the process.

Report this User

Report this user for behavior that violates our Community Guidelines.

Details: